| 000 | 00499nam a2200193Ia 4500 | ||
|---|---|---|---|
| 008 | 210210b1992 xxu||||| |||| 00| 0 eng d | ||
| 020 | _a0 697 07628 8 | ||
| 082 | _a576 BIRM | ||
| 100 | _aBIRGE (Edward A). | ||
| 245 | _aModern microbiology:Principles and applications. | ||
| 260 |
_aU S A. _bWCB Publishers., _c1992 |
||
| 300 | _axviii,476 | ||
| 650 | _aModern | ||
| 650 | _amicrobiology:Principles | ||
| 650 | _aapplications. | ||
| 650 | _aand | ||
| 690 | _aMicrobiology | ||
| 906 | _a046444 | ||
| 999 |
_c95575 _d95575 |
||